Power station simulators /

Guardado en:
Detalles Bibliográficos
Autor principal: Zanobetti, D (Autor)
Formato: Libro
Lenguaje:inglés
Publicado: Amsterdam : Elsevier, 1989
Edición:1.vyd.
Materias:
Etiquetas: Agregar Etiqueta
Sin Etiquetas, Sea el primero en etiquetar este registro!

MARC

LEADER 00000nam a22000003a 4500
001 stu7904
005 20150617225806.5
008 950524s1989----ne------------------eng-d
020 |a 0-444-87479-8 
040 |a STU  |b slo 
041 0 |a eng 
044 |a ne 
080 |a 621.311 
080 |a 519.876.5 
080 |a 681.329 
084 |a B8200  |2 INS 
084 |a C3340H  |2 INS 
084 |a C1220  |2 INS 
084 |a C7410B  |2 INS 
100 1 |a Zanobetti, D  |4 aut 
245 1 |a Power station simulators /  |c [aut.] Zanobetti,D 
250 |a 1.vyd. 
260 |a Amsterdam :  |b Elsevier,  |c 1989 
300 |a 262 s 
650 7 |a elektrárna  |2 stusub 
650 7 |a simulácia  |2 stusub 
996 |b E79898  |c E*79898  |l EE30  |s P  |a 0  |w stu7904_0001